The vanishing lady
Bewaard in:
| Coauteur: | |
|---|---|
| Formaat: | Boek |
| Taal: | Undetermined |
| Gepubliceerd in: |
New York, Estados Unidos
Macmillan
1973
|
| Editie: | 17 |
| Onderwerpen: | |
| Tags: |
Voeg label toe
Geen labels, Wees de eerste die dit record labelt!
|
MARC
| LEADER | 00000nam a2200000Ia 4500 | ||
|---|---|---|---|
| 008 | 170316s9999 xx 000 0 und d | ||
| 999 | |c 5566 |d 5566 | ||
| 040 | |a cru BVZT | ||
| 090 | |a 810 E-14v | ||
| 110 | |a English Language Service | ||
| 245 | 4 | |a The vanishing lady | |
| 250 | |a 17 | ||
| 260 | |a New York, Estados Unidos |b Macmillan |c 1973 | ||
| 300 | |a 111 páginas | ||
| 650 | |a LITERATURA ESTADOUNIDENSE |9 25 | ||
| 942 | |c 15 D |h 810 E-14v |2 z | ||
